| 000 | 01110nam a22003377a 4500 | ||
|---|---|---|---|
| 003 | CHAP | ||
| 005 | 20220329134529.0 | ||
| 008 | 971013s1976 r 00010 d | ||
| 010 | _a21719 | ||
| 011 | _a22691 | ||
| 035 | _a26786 | ||
| 040 | _cCHAP | ||
| 082 |
_a333.91 _bA8Y |
||
| 110 |
_aAsociación de Derecho Internacional _97996 |
||
| 245 | _aReglas de Helsinki sobre los usos de las aguas de los ríos internacionales | ||
| 260 |
_a(Mendoza) : _bInstituto de Economía, Legislación y Administración de Agua, _c1976 |
||
| 300 | _a81 p | ||
| 490 | _aINELA/DE/Tr/7/76 | ||
| 590 |
_aBATCH-UPD _b10 _c20130110 _lUCH01 _h0208 |
||
| 590 |
_aBATCH-UPD _b10 _c20130110 _lUCH01 _h1059 |
||
| 590 |
_aBATCH-UPD _b10 _c20130409 _lUCH01 _h2222 |
||
| 590 |
_aBATCH-UPD _b10 _c20130914 _lUCH01 _h0311 |
||
| 590 |
_aCONVERSION _b10 _c20130109 _lUCH01 _h1313 |
||
| 650 | 1 | 4 |
_aAgua _xContaminación. _92351 |
| 650 | 1 | 4 |
_aAgua _xLeyes. _92378 |
| 650 | 1 | 4 |
_aRíos. _999166 |
| 830 | 0 |
_aINELA/DE/Tr/7/76 _958047 |
|
| 901 | _aBK | ||
| 942 | _cLIBRO | ||
| 949 |
_a333.91 A8Y _bBC _cLIBRO _d33724000333605 _eLIBRO _h41566 _i26786 _mD _si |
||
| 999 |
_c21719 _d21719 |
||